Sports Quiz

Random Sports or NBA Quiz

The 2nd best NBA player on each NBA team Quiz Stats

 Plays Quiz not verified by Sporcle

Challenge
Share
Tweet
Embed
Score 0/30 Timer 10:00
0 Plays Today
Hint Answer % Correct
Cleveland CavaliersKyrie Irving
72.9%
Indiana PacersJeff Teague
68.8%
Portland Trail BlazersC.J. McCollum
60.4%
Golden State WarriorsSteph Curry
60.4%
Oklahoma City ThunderVictor Oladipo
58.3%
Toronto RaptorsKyle Lowry
58.3%
Washington WizardsBradley Beal
56.3%
Chicago BullsDwayne Wade
56.3%
New Orleans PelicansDeMarcus Cousins
54.2%
Boston CelticsAl Horford
52.1%
Phoneix SunsEric Bledsoe
52.1%
San Antonio SpursLaMarcus Aldridge
52.1%
Detroit PistonsReggie Jackson
50%
Dallas MavericksHarrison Barnes
50%
Minnesota TimberwolvesAndrew Wiggins
50%
Hint Answer % Correct
Milwaukee BucksJabari Parker
50%
Utah JazzRudy Gobert
50%
Memphis GrizzliesMike Conley
47.9%
Miami HeatGoran Dragic
47.9%
New York KnicksKristaps Porzingis
47.9%
Houston RocketsEric Gordon
43.8%
Charlotte HornetsNicolas Batum
43.8%
Atlanta Hawks Dennis Schroder
41.7%
Brooklyn NetsJeremy Lin
39.6%
Philadelphia 76ersDario Saric
35.4%
Sacramento KingsBuddy Hield
33.3%
Orlando MagicEvan Fournier
33.3%
LA LakersNick Young
29.2%
LA ClippersBlake Griffn
8.3%
Denver NuggetsDanilo Gallanari
0%

You're not logged in!

Compare scores with friends on all Sporcle quizzes.
Join for Free
OR
Log In

You Might Also Like...

Show Comments

Extras

Created Jun 5, 2017ReportFavoriteNominate
Tags:NBA Quiz, 2nd, player, team

Top Quizzes Today


Score Distribution

Your Account Isn't Verified!

In order to create a playlist on Sporcle, you need to verify the email address you used during registration. Go to your Sporcle Settings to finish the process.

Report this User

Report this user for behavior that violates our Community Guidelines.

Details: